| 000 | 01037cam a2200289 a 4500 | ||
|---|---|---|---|
| 999 |
_c1135 _d1135 |
||
| 001 | 17061341 | ||
| 003 | GZU | ||
| 005 | 20200925112000.0 | ||
| 008 | 111129s2013 caua b 001 0 eng | ||
| 010 | _a 2011049041 | ||
| 020 | _a9781483344300 (pbk. : alk. paper) | ||
| 035 | _a(OCoLC)ocn148854198 | ||
| 040 |
_aDLC _beng _cDLC _dYDX _dBTCTA _dBAKER _dYDXCP _dBWX _dDLC |
||
| 042 | _apcc | ||
| 050 | 0 | 0 |
_aGN345 _b.JAN 2016 |
| 100 | 1 |
_aJandt, Fred Edmund. _eauthor |
|
| 245 | 1 | 3 |
_aAn introduction to intercultural communication : _bidentities in a global community / _cFred E. Jandt. |
| 250 | _a8th ed. | ||
| 260 |
_aThousand Oaks, Calif. : _bSage Publications, _cc2016. |
||
| 300 |
_axxiii, 407, [37] p. : _bill. ; _c23 cm. |
||
| 504 | _aIncludes bibliographical references and index. | ||
| 650 | 0 | _aIntercultural communication. | |
| 650 | 0 |
_aIntercultural communication _zUnited States. |
|
| 650 | 0 | _aCommunication, International. | |
| 906 |
_a7 _bcbc _corignew _d1 _eecip _f20 _gy-gencatlg |
||
| 942 |
_2lcc _cBK _e8th. ed _h345 _iJAN _kGN _m2016 |
||